000 01281nam0a22002771 4500
001 v19\rc\1952474
005 20251118180926.3
035 _a(NLR Aleph) 005037169
090 _a6754094
_c6754094
100 _a20080428d1913 u y0rusy50 ca
101 0 _arus
102 _aRU
105 _ay z |||||
200 1 _aУстав... акционерного общества машиностроительного завода "Г.Я. Кольб и сыновья" сел. Ней-Нассау Мелитопольск. уезда Тавр. губ.
_e[Утв. 2 авг. 1913 г.]
210 _aПришиб, Тавр.
_d1913
215 _a31 с.
_d21
532 1 3 _aУстав акционерного общества машиностроительного завода Г.Я. Кольб и сыновья сел. Ней-Нассау Мелитопольск. уезда Тавр. губ.:
702 1 _aКольб
_bГ.Я.
_4570
710 0 2 _aМашиностроительный завод "Г.Я. Кольб и сыновья"
_cС. Ней-Нассау, Мелитопольск. уезд
801 0 _aRU
_bNLR
_gpsbo
801 0 _aRU
_bRuMoRGB
_2psbo
801 1 _aRU
_bProSoft-M
_2rusmarc
852 _aNLR
_j37.53.7.271
899 _aRuMoRGB
_jV 118/284
942 _cBOOK
980 _aNB